| 000 | 00933cam a2200193 4500 | ||
|---|---|---|---|
| 001 | WB3902-12 | ||
| 008 | 030115n2003 000 0 eng u | ||
| 035 | _a(Sirsi) u121016 | ||
| 245 | _aNew rules for enforcement appeals | ||
| 260 | _c2003 | ||
| 490 |
_aRICS Planning and Development Faculty News _v 13 January 2003, (1) |
||
| 520 | _aNew rules for dealing with enforcement appeals in England came into force on 23 December 2002: these apply to all enforcement and lawful development certificate appeals received on or after that date. The rules, accompanying circular and templates are available on the Planning Inspectorate website at http://www.planning-inspectorate.gov.uk/enforcement_appeals/rules_handling_england.htm | ||
| 590 | _aWB | ||
| 650 | _aPLANNING ENFORCEMENT APPEALS | ||
| 650 | _aAPPEALS SYSTEM | ||
| 650 | _aENGLAND | ||
| 690 | _aENVIRONMENTAL AND LAND CONSULTANCY-PLANNING AND DEVELOPMENT | ||
| 942 | _n0 | ||
| 999 |
_c71913 _d71913 |
||